[Event "Florence op 6th"]
[Site "Florence"]
[Date "2012.11.03"]
[Round "5"]
[White "Engl, Alexander"]
[Black "Fiaschi, Maurizio"]
[Result "1-0"]
[WhiteElo "1737"]
[BlackElo "1673"]
[PlyCount "123"]
[EventDate "2012.11.01"]
[EventType "swiss"]
[EventRounds "7"]
[EventCountry "ITA"]
[SourceTitle "EXT 2014"]
[Source "ChessBase"]
[SourceDate "2013.11.20"]
[SourceVersion "1"]
[SourceVersionDate "2013.11.20"]
[SourceQuality "1"]

1. f4 d5 2. Nf3 h6 3. g3 g5 4. d3 Nc6 5. fxg5 Bg4 6. g6 fxg6 7. Bg2 Bxf3 8. Bxf3 e5 9. e4 dxe4 10. Bxe4 Qd6 11. Nd2 Bg7 12. Nc4 Qe6 13. Be3 Nge7 14. Qd2 Nf5 15. 0-0-0 Nxe3 16. Qxe3 h5 17. Kb1 Bh6 18. Bxc6+ bxc6 19. Qxe5 Qxe5 20. Nxe5 0-0 21. Nxg6 Rfb8 22. Ne7+ Kh7 23. Nxc6 Rb6 24. Ne5 Bg7 25. Nc4 Rb5 26. b3 Rab8 27. Rhf1 a5 28. a4 Rb4 29. Ka2 c5 30. Rf7 Re8 31. Rdf1 Re2 32. R7f2 Re7 33. Nd6 Rd7 34. Nb5 h4 35. Rf7 Rxf7 36. Rxf7 hxg3 37. hxg3 Rg4 38. Rf3 Be5 39. c3 Bxg3 40. d4 cxd4 41. Nxd4 Be5 42. Nc6 Rg2+ 43. Kb1 Rg1+ 44. Kc2 Rg2+ 45. Kd3 Bg7 46. Nxa5 Rg5 47. Nc4 Rg1 48. Rf2 Rc1 49. Rc2 Rb1 50. b4 Rd1+ 51. Ke2 Rh1 52. Ne3 Rh2+ 53. Kd3 Rh3 54. a5 Rh6 55. b5 Rd6+ 56. Kc4 Re6 57. Nd5 Re4+ 58. Kb3 Re1 59. b6 Be5 60. a6 Ra1 61. a7 Bd6 62. Ra2 1-0